Цифровое моделирование систем стационарных случайных процессов

Bibliographische Detailangaben
Weitere Verfasser: Гридина Е. Г. Елена Георгиевна, Лебедев А. Н. Андрей Николаевич, Недосекин Д. Д. Дмитрий Дмитриевич, Чернявский Е. А. Евгений Александрович
Zusammenfassung:Излагаются методы моделирования на ЭВМ систем стационарных и стационарно связанных случайных процессов по заданной матрице спектральных плотностей или заданной матрице корреляционных функций. Изложение сопровождается многочисленными примерами. Для инженеров и научных работников, занимающихся информационно-измерительной и вычислительной техникой, а также системами автоматического управления.
Sprache:Russisch
Veröffentlicht: Ленинград, Энергоатомиздат, 1991
Schlagworte:
Format: Buch
KOHA link:https://koha.lib.tpu.ru/cgi-bin/koha/opac-detail.pl?biblionumber=77799

MARC

LEADER 00000nam0a2200000 4500
001 77799
005 20231101212943.0
010 |a 5283045722 
035 |a (RuTPU)RU\TPU\book\83401 
090 |a 77799 
100 |a 20050530d1991 km y0rusy50 ca 
101 0 |a rus 
102 |a RU 
105 |a y z 001zy 
200 1 |a Цифровое моделирование систем стационарных случайных процессов  |f Е. Г. Гридина [и др.] 
210 |a Ленинград  |c Энергоатомиздат  |d 1991 
215 |a 144 с. 
320 |a Библиогр.: с. 142-144. 
330 |a Излагаются методы моделирования на ЭВМ систем стационарных и стационарно связанных случайных процессов по заданной матрице спектральных плотностей или заданной матрице корреляционных функций. Изложение сопровождается многочисленными примерами. Для инженеров и научных работников, занимающихся информационно-измерительной и вычислительной техникой, а также системами автоматического управления. 
606 |a Измерительные информационные системы  |2 stltpush  |3 (RuTPU)RU\TPU\subj\68091  |9 83629 
606 |a Автоматические системы регулирования  |x Случайные процессы  |2 stltpush  |3 (RuTPU)RU\TPU\subj\788  |9 29594 
610 1 |a ЭВМ 
610 1 |a электронные вычислительные машины 
610 1 |a цифровое моделирование 
610 1 |a стационарные процессы 
610 1 |a случайные процессы 
610 1 |a корреляционная матрица 
610 1 |a характеристики 
675 |a 681.518.3  |v 3 
675 |a 681.51.01:519  |v 3 
701 1 |a Гридина  |b Е. Г.  |g Елена Георгиевна 
701 1 |a Лебедев  |b А. Н.  |g Андрей Николаевич 
701 1 |a Недосекин  |b Д. Д.  |g Дмитрий Дмитриевич 
701 1 |a Чернявский  |b Е. А.  |g Евгений Александрович 
801 1 |a RU  |b 63413507  |c 20050530  |g PSBO 
801 2 |a RU  |b 63413507  |c 20171207  |g PSBO 
942 |c BK